Library Banner

زمانہ بڑے شوق سے سن رہا تھا (Record no. 80639)

MARC details
000 -LEADER
fixed length control field 00418nam a22001457a 4500
005 - DATE AND TIME OF LATEST TRANSACTION
control field 20160122145356.0
008 - FIXED-LENGTH DATA ELEMENTS--GENERAL INFORMATION
fixed length control field 151207b xxu||||| |||| 00| 0 eng d
040 ## - CATALOGING SOURCE
Transcribing agency PK-LaUMT
082 ## - DEWEY DECIMAL CLASSIFICATION NUMBER
Classification number MSC 928.91439
Item number ISH-Z
100 ## - MAIN ENTRY--PERSONAL NAME
Personal name اشفاق احمد
245 ## - TITLE STATEMENT
Title زمانہ بڑے شوق سے سن رہا تھا
Statement of responsibility, etc اشفاق احمد
260 ## - PUBLICATION, DISTRIBUTION, ETC. (IMPRINT)
Place of publication, distribution, etc لاہور
Name of publisher, distributor, etc خالد بک ڈپو
Date of publication, distribution, etc 2004
300 ## - PHYSICAL DESCRIPTION
Extent 322 ص
942 ## - ADDED ENTRY ELEMENTS (KOHA)
Koha item type Books
Holdings
Withdrawn status Lost status Damaged status Home library Current library Date acquired Full call number Barcode Date last seen Price effective from Koha item type
      UMT Main Campus UMT Main Campus 2015-12-07 MSC 928.91439 ISH-Z 95679 2018-02-15 2015-12-07 Books